000 00419pab a2200169 454500
008 180718b2010 xxu||||| |||| 00| 0 eng d
100 _aSingh, Rajeev
245 _aCitizenship, exclusion and Indian Muslims
260 _c2010
300 _ap.497-510.
362 _aApr-Jun
650 _aMuslims - India
650 _aNationality
773 _aIndian Journal of Political Science
908 _aN
909 _a89761
999 _c89761
_d89761